Manažment kvality praktikum

Salvato in:
Dettagli Bibliografici
Autore principale: Kollár, Vojtech
Altri autori: Dobrovič, Ján, Filip, Stanislav
Natura: Libro
Lingua:slovacco
Pubblicazione: Bratislava Vysoká škola ekonómie a manažmentu verejnej správy v Bratislave 2016
Edizione:1. vyd.
Soggetti:
Tags: Aggiungi Tag
Nessun Tag, puoi essere il primo ad aggiungerne!!

MARC

LEADER 00000nam a2200000 4500
001 0226723
005 20240523065238.9
020 |a 978-80-89654-29-1 
041 0 |a slo 
044 |a SK 
245 1 0 |a Manažment kvality  |b praktikum  |c Vojtech Kollár ; recenzenti: Ján Dobrovič, Stanislav Filip 
250 |a 1. vyd. 
264 1 |a Bratislava  |b Vysoká škola ekonómie a manažmentu verejnej správy v Bratislave  |c 2016 
300 |a 129 s. [6 AH] 
610 2 0 |a riadenie kvality 
610 2 0 |a rozhodovanie manažérske 
610 2 0 |a kvalita výrobkov 
610 2 0 |a nástroje riadenia 
610 2 0 |a užitočnosť výrobkov 
610 2 0 |a hodnota tovaru 
610 2 0 |a prostredie životné 
610 2 0 |a značky environmentálne 
610 2 0 |a inovácia 
610 2 0 |a inovácia výrobkov 
610 2 0 |a konkurencieschopnosť 
610 2 0 |a bezpečnosť výrobkov 
100 1 |a Kollár, Vojtech 
700 1 |a Dobrovič, Ján 
700 1 |a Filip, Stanislav